Economic growth, structural change, and search unemployment

Gespeichert in:
Bibliographische Detailangaben
1. Verfasser: Zagler, Martin
Format: Buch
Sprache:Englisch
Veröffentlicht: San Domenico (FI) European University Institute 2000
Schriftenreihe:EUI Working paper ECO No. 2000/16
Schlagworte:
Tags: Tag hinzufügen
Keine Tags, Fügen Sie das erste Tag hinzu!

MARC

LEADER 00000nam a2200000 4500
001 c133179
005 20221123132647.3
041 0 |a eng 
044 |a IT 
245 1 0 |a Economic growth, structural change, and search unemployment  |c Martin Zagler 
264 1 |a San Domenico (FI)  |b European University Institute  |c 2000 
300 |a 19 s. 
490 1 |a EUI Working paper ECO  |v No. 2000/16 
830 0 |a EUI Working paper ECO  |v No. 2000/16 
610 2 0 |a rast hospodársky 
610 2 0 |a zmeny štruktúrne 
610 2 0 |a nezamestnanosť 
610 2 0 |a dynamika ekonomiky 
100 1 |a Zagler, Martin